| 000 | 00540nam a2200193 a 4500 | ||
|---|---|---|---|
| 001 | 0320 | ||
| 005 | 20140414131958.0 | ||
| 008 | 040909s19uu xx 00 eng d | ||
| 020 | _a0-7329-1668-2 | ||
| 050 |
_aTR 791.5 _bH83 1993 |
||
| 100 | _aHowes, Jim | ||
| 245 |
_aMaking Puppets / _cBy Jim Howes ; illustrated by Sharyn Madder. |
||
| 260 |
_aAustralia : _bMacmillan Education Australia, _c1993. |
||
| 300 | _a16 p. : ill. ; cm. | ||
| 650 | _aPuppetry and toy theaters. | ||
| 999 |
_c112993 _d112993 |
||